Gaming Quiz

Random Gaming or Alphabet Quiz

Video Games (A-Z) Quiz Stats

Quiz Updated Nov 8, 2015

Challenge
Share
Tweet
Score 0/26 Timer 06:00
3 Plays Today
% Correct
Grand Theft Auto IV
95.7%
Pac-Man
95%
Mario Kart 8
91.3%
Halo: Combat Evolved
91.1%
Resident Evil 4
76.2%
World of Warcraft
75.1%
The Legend of Zelda
74%
Tekken 3
70.7%
Earthworm Jim
63.2%
Yoshi's Island
60.3%
Ninja Gaiden Sigma
59.4%
Age of Empires
57.4%
Kingdom Hearts II
56.1%
% Correct
Ice Climber
53.8%
Zoo Tycoon
53.5%
F-Zero
53.2%
Devil May Cry
51%
Chrono Trigger
47.2%
Quake 4
46.6%
Jak and Daxter
43.1%
Viva Piñata
40.3%
Okami
37.2%
Baldur's Gate II: Shadows of Amn
30.3%
Secret of Mana
21.4%
Xenogears
16.3%
Ultima Online
12.1%

You're not logged in!

Compare scores with friends on all Sporcle quizzes.
Join for Free
OR
Log In

You Might Also Like...

Show Comments

Extras

Top Quizzes Today


Score Distribution

Your Account Isn't Verified!

In order to create a playlist on Sporcle, you need to verify the email address you used during registration. Go to your Sporcle Settings to finish the process.

Report this User

Report this user for behavior that violates our Community Guidelines.

Details: